|
|
|
|
| LEADER |
01103nam a22002417a 4500 |
| 001 |
AAL9615 |
| 003 |
BD-DhAAL |
| 005 |
20180529123251.0 |
| 008 |
180529m20152012B a|||| |||| 00| 0 B d |
| 999 |
|
|
|c 39477
|d 39477
|
| 020 |
|
|
|a 9789847116709
|
| 040 |
|
|
|a BD-DhAAL
|d BD-DhAAL
|
| 082 |
|
|
|a 954.9205
|
| 100 |
|
|
|a দারা, সাঈদ হাসান
|9 26065
|
| 245 |
|
|
|a ১৯৭১ অপারেশন সাচলাইট /
|c সাঈদ হাসান দারা
|
| 260 |
|
|
|a ঢাকা :
|b অন্বেষা প্রকাশন,
|c ২০১৫.
|
| 300 |
|
|
|a ৫৪৪ পৃ. :
|b চিত্র ;
|c ২২ সেমি.
|
| 541 |
|
|
|e 9615
|
| 651 |
|
|
|a Bangladesh
|x History
|y Revolution, 1971
|9 26066
|
| 651 |
|
|
|a বাংলাদেশ
|x ইতিহাস
|y মুক্তিযুদ্ধ, ১৯৭১
|9 26067
|
| 852 |
|
|
|a Savar Campua Library
|c General Shelf
|
| 942 |
|
|
|2 ddc
|c BK
|
| 952 |
|
|
|0 0
|1 0
|2 ddc
|4 0
|6 954_920500000000000_DAR
|7 0
|9 63467
|a SCL
|b SCL
|c GEN
|d 2018-05-29
|e Development Book Agency
|g 510.00
|l 4
|m 2
|o 954.9205 DAR
|p 3020009615
|r 2025-07-05
|s 2025-06-28
|t 1
|w 2018-05-29
|y BK
|